[Event "Garmisch"]
[Site "Garmisch"]
[Date "1994.??.??"]
[Round "11"]
[White "Kortschnoj, Viktor"]
[Black "Brunner, Lucas"]
[Result "0-1"]
[WhiteElo "2615"]
[BlackElo "2525"]

1.c4 c5 2.Nf3 Nf6 3.Nc3 e6 4.g3 d5 5.cxd5 Nxd5 6.Bg2 Nc6 7.O-O Be7 8.d4 O-O
9.e4 Nxc3 10.bxc3 b6 11.h4 cxd4 12.cxd4 Bb7 13.Re1 Rc8 14.Bf4 Bf6 15.e5 Be7
16.Ng5 Bxg5 17.Bxg5 Qd7 18.Qg4 Ne7 19.d5 Bxd5 20.Rad1 Rc5 21.Be4 Kh8 22.Qh5 Ng6
23.Qe2 Ne7 24.h5 h6 25.Bxe7 Qxe7 26.Bb1 f5 27.exf6 Qxf6 28.f4 Rc3 29.Qf2 Rfc8
30.Kh2 Rf3 31.Qd2 Kg8 32.Bg6 Ra3 33.Rc1 Rd8 34.Rc2 b5 35.Rd1 Rf8 36.Qb4 Rxa2
37.Rxa2 Bxa2 38.Rd7 Bd5 39.Qd2 Kh8 40.Bb1  0-1

[Event "Peer Gynt"]
[Site "Gausdal"]
[Date "1994.??.??"]
[Round "5"]
[White "Gausel, Einar"]
[Black "Holmsgaard, Henrik"]
[Result "1-0"]
[WhiteElo "2505"]
[BlackElo "2270"]

1.Nf3 Nf6 2.c4 c5 3.Nc3 e6 4.g3 b6 5.Bg2 Bb7 6.O-O Be7 7.Re1 d5 8.cxd5 Nxd5
9.e4 Nb4 10.d4 cxd4 11.Nxd4 a6 12.Be3 O-O 13.Qg4 N4c6 14.Rad1 Ne5 15.Qe2 Qc7
16.Rc1 Nbc6 17.Nxc6 Nxc6 18.Nd5 exd5 19.exd5 Rfd8 20.dxc6  1-0

[Event "Peer Gynt"]
[Site "Gausdal"]
[Date "1994.??.??"]
[Round "5"]
[White "Poluljahov, Aleksandr"]
[Black "Gunnarsson, A."]
[Result "0-1"]
[WhiteElo "2485"]
[BlackElo "2040"]

1.Nf3 Nf6 2.c4 c5 3.Nc3 d5 4.cxd5 Nxd5 5.d4 Nxc3 6.bxc3 g6 7.e4 Bg7 8.Rb1 O-O
9.Be2 b6 10.O-O Bb7 11.Qd3 Nd7 12.Bg5 Qc7 13.Qe3 Rfe8 14.Rfd1 Bc6 15.d5 Ba4
16.Rd2 Ne5 17.Ne1 f6 18.Bh4 Rad8 19.c4 Nf7 20.Bg3 Qd7 21.Qa3 e5 22.Bd3 Nd6
23.Re2 Rc8 24.f4 f5 25.fxe5 Bxe5 26.Bxe5 Rxe5 27.Nf3 Rxe4 28.Bxe4 fxe4 29.Ng5 Nxc4
30.Qc1 Qxd5 31.Nxe4 Qd4+ 32.Kh1 Bc6 33.Qe1 Rf8 34.Rd1 Qe5 35.Qh4 Qf5 36.h3 Ne5
37.Ng3 Qe6 38.Rde1 Qd5 39.Qg5 Nf7 40.Qf6 Qd7 41.Kh2 Qd5 42.Rf1 Bb5 43.Nf5 gxf5
44.Rxf5 Qxf5 45.Qxf5 Bxe2 46.Qe4 Bh5 47.Qb7 c4 48.Qxa7 Bg6 49.Qc7 Bd3 50.a4 Ra8
51.Qc6 Ra5 52.Qc8+ Kg7 53.Qg4+ Rg5 54.Qd4+ Re5 55.Qg4+ Kf6 56.Qd4 Ng5 57.Qxb6+ Ne6
58.Qf2+ Ke7 59.Qa7+ Kd6 60.Qb6+ Kd5 61.Qb7+ Kd4 62.a5 Nc5  0-1

[Event "BL2-O9394"]
[Site "Germany"]
[Date "1994.??.??"]
[Round "?"]
[White "Schmidt, Wlodzimierz"]
[Black "Stettler, Michael"]
[Result "1/2-1/2"]
[WhiteElo "2435"]
[BlackElo "2370"]

1.Nf3 Nf6 2.c4 c5 3.Nc3 e6 4.g3 Nc6 5.Bg2 d5 6.cxd5 Nxd5 7.O-O Be7 8.Nxd5 exd5
9.d4 O-O 10.dxc5 Bxc5 11.Bg5 Qd7 12.Qc2 Bb6 13.Rad1 h6 14.Bc1 Rd8 15.a3 Qf5
16.Qxf5 Bxf5 17.b4 Be4 18.Bb2 Re8 19.e3 Rac8 20.Rd2 a5 21.b5 Na7 22.a4 Rc4
23.Ra1 Rec8 24.Nd4 Bxg2 25.Kxg2 g6 26.Kf1 Rb4 27.Ne2 g5 28.Nd4 Rcc4 29.Nf5 Rxa4
30.Rad1 d4 31.exd4 Nxb5  1/2-1/2

[Event "Bundesliga 9394"]
[Site "Germany"]
[Date "1994.??.??"]
[Round "?"]
[White "Glek, Igor V"]
[Black "Ftacnik, Lubomir"]
[Result "1-0"]
[WhiteElo "2590"]
[BlackElo "2565"]

1.c4 Nf6 2.Nc3 c5 3.Nf3 e6 4.g3 b6 5.Bg2 Bb7 6.O-O Be7 7.Re1 d6 8.e4 a6 9.d4 cxd4
10.Nxd4 Qc7 11.Be3 Nbd7 12.f4 Rc8 13.Bf2 h5 14.h3 g6 15.Rc1 Qb8 16.Qe2 Qa8
17.b4 O-O 18.g4 hxg4 19.hxg4 e5 20.Nd5 Bd8 21.g5 Nh5 22.Qg4 Bxd5 23.cxd5 Rxc1
24.Rxc1 Qb7 25.Nf5 Nxf4 26.Nxd6 Qb8 27.Rc6 Qa7 28.Be3 Nb8 29.Nc8 Qb7 30.Rc2 Qd7
31.Qxd7 Nxd7 32.Kf1 Kg7 33.d6 b5 34.Ne7 Bb6 35.Bxf4 exf4 36.Nd5 Bd8 37.Nxf4 Bxg5
38.Nd3 Rd8 39.Rc7 Nb6 40.e5 Nc4 41.Bh3 Rh8 42.Be6 Rh1+ 43.Kg2 Rd1 44.Rxf7+ Kh6
45.Nf2 Rd2 46.Bxc4 bxc4 47.Kf3 Bd8 48.Rc7 Rd4 49.Ke3 Rd5 50.Ke4 Rd2 51.Ng4+ Kg5
52.Ne3  1-0

[Event "BL2-O9394"]
[Site "Germany"]
[Date "1994.??.??"]
[Round "?"]
[White "Schmidt, Wlodzimierz"]
[Black "Schunk, Thomas"]
[Result "1-0"]
[WhiteElo "2435"]
[BlackElo "2285"]

1.Nf3 c5 2.c4 Nf6 3.Nc3 d5 4.cxd5 Nxd5 5.d4 Nxc3 6.bxc3 g6 7.e4 Bg7 8.Rb1 O-O
9.Be2 Qa5 10.O-O a6 11.Qb3 b5 12.Be3 Bb7 13.d5 Nd7 14.c4 b4 15.Ne1 Qc7 16.Nd3 e5
17.Nxc5 Nxc5 18.Qxb4 Nxe4 19.Qxb7 Qxb7 20.Rxb7 Nc3 21.Rb2 Rac8 22.Rc1 e4
23.Rbc2 Nxe2+ 24.Rxe2 Rfd8 25.Rd2 Be5 26.c5 Kg7 27.g3 h6 28.Kg2 g5 29.f3 exf3+
30.Kxf3 f5 31.c6 Kg6 32.Bb6 Rd6 33.Rd3 h5 34.Ba5 f4 35.Bb4 g4+ 36.Kg2 f3+
37.Kf2 Rf6 38.d6 Rb8 39.Ba3 Bb2 40.c7 Re8 41.Rc2 Bxa3 42.d7 Re2+ 43.Rxe2  1-0

[Event "BL2-O9394"]
[Site "Germany"]
[Date "1994.??.??"]
[Round "?"]
[White "Schmidt, Wlodzimierz"]
[Black "Womacka, Mathias"]
[Result "1-0"]
[WhiteElo "2435"]
[BlackElo "2430"]

1.Nf3 c5 2.c4 Nf6 3.Nc3 d5 4.cxd5 Nxd5 5.d4 cxd4 6.Qxd4 Nxc3 7.Qxc3 Nc6 8.e4 e6
9.Bb5 Qb6 10.Bxc6+ Qxc6 11.Qxc6+ bxc6 12.Bd2 c5 13.Ne5 Be7 14.Rc1 Bb7 15.f3 Rc8
16.Be3 O-O 17.Nd7 Rfd8 18.Nxc5 Bxc5 19.Rxc5 Rxc5 20.Bxc5 f5 21.exf5 exf5
22.Bxa7 Ra8 23.Bd4 Rxa2 24.Kd2 Ra8 25.Re1 Rd8 26.Kc3 Rd7 27.b4 Kf7 28.b5 g5
29.Kc4 g4 30.fxg4 fxg4 31.g3 Rc7+ 32.Bc5 Kf6 33.Rd1 Bf3 34.Rd8 Ke6 35.Re8+ Kd7
36.Re3 Kc8 37.h4 Rd7 38.Re5 Kb7 39.h5 Rd1 40.Re7+ Kc8 41.Bd4 Rh1 42.Rxh7 Be2+
43.Kc5 Rc1+ 44.Kb6 Rb1 45.Rc7+ Kd8 46.Bf6+  1-0

[Event "BL9394 (Women)"]
[Site "Germany"]
[Date "1994.??.??"]
[Round "?"]
[White "Bobrowska, Monika"]
[Black "Hund, Isabel"]
[Result "1-0"]
[WhiteElo "2165"]
[BlackElo "2140"]

1.c4 c5 2.Nc3 Nf6 3.Nf3 d5 4.cxd5 Nxd5 5.Nxd5 Qxd5 6.d3 Nc6 7.g3 e5 8.Bg2 Be7
9.O-O O-O 10.Be3 Qd6 11.Rc1 Nd4 12.Nd2 Bg4 13.Bxd4 Qxd4 14.Bxb7 Rab8 15.Bf3 Bh3
16.Re1 Rxb2 17.a3 Be6 18.Nc4 Bxc4 19.Rxc4 Qd6 20.Qa4 Qc7 21.Qc6 Qa5 22.Rf1 Qxa3
23.Ra4 Qc3 24.Rxa7 Bf6 25.Ra8 Rbb8 26.Rxb8 Rxb8 27.Qc7 Rf8 28.Rb1 Qd4 29.Rb5 Bd8
30.Qa7 Qd6 31.Rb7 h6 32.Qa2 Bf6 33.Bd5 Kh7 34.Bxf7 e4 35.dxe4 Bd4 36.e3  1-0

[Event "BL2-O9394"]
[Site "Germany"]
[Date "1994.??.??"]
[Round "?"]
[White "Espig, Lutz"]
[Black "Schunk, Thomas"]
[Result "1-0"]
[WhiteElo "2465"]
[BlackElo "2285"]

1.Nf3 Nf6 2.c4 c5 3.Nc3 e6 4.g3 b6 5.Bg2 Bb7 6.O-O Be7 7.d4 cxd4 8.Qxd4 d6
9.Rd1 O-O 10.Bg5 Nbd7 11.Nb5 d5 12.cxd5 exd5 13.Nh4 h6 14.Bf4 Nc5 15.Nf5 Ne6
16.Qd2 Bc5 17.b4 Qd7 18.bxc5 Qxb5 19.c6 Ba6 20.Be5 Ng4 21.Bd6 Rfe8 22.Bf3 Nf6
23.Ne7+ Kh8 24.Nxd5 Nxd5 25.Bxd5 Qxe2 26.c7 Qxd2 27.Rxd2 Rac8 28.Bc6 Rg8
29.Bd7 Ng5 30.Bxc8 Rxc8 31.Rc2 Nf3+ 32.Kg2 Bb7 33.Rc3 Nd4+ 34.f3 Nb5 35.Rd3 Nxd6
36.Rxd6 Rxc7 37.Rad1 Bc8 38.Kf2 Be6 39.a3 g6 40.Ke3 Kg7 41.R1d3 Bf5 42.Rb3 Be6
43.Rb2 h5 44.Kd2 Bf5 45.Rd4 Rc5 46.g4 hxg4 47.fxg4 Be6 48.Rc2 Ra5 49.Rc3 Re5
50.h4 a5 51.g5 b5 52.Rc7 a4 53.Rb7 Bc4 54.Rd8 Rf5 55.Kc3 Rf4 56.Rbb8 f6 57.Rd7+ Bf7
58.Rxb5 fxg5 59.hxg5 Rf5 60.Kb4 Rf4+ 61.Ka5 Kg8 62.Rb8+ Kg7 63.Rbb7  1-0

[Event "Oberliga Wuert9394"]
[Site "Germany"]
[Date "1994.??.??"]
[Round "?"]
[White "Schmitt, Axel"]
[Black "Oesterle, Peter"]
[Result "0-1"]
[WhiteElo "2350"]
[BlackElo "2375"]

1.Nf3 Nf6 2.c4 c5 3.Nc3 e6 4.g3 b6 5.Bg2 Bb7 6.O-O d6 7.Re1 a6 8.e4 Be7 9.d4 cxd4
10.Nxd4 Qc7 11.Be3 O-O 12.Rc1 Nbd7 13.f4 Rac8 14.f5 e5 15.Nb3 Qb8 16.Qe2 Qa8
17.Bf2 g6 18.g4 gxf5 19.gxf5 Kh8 20.Bf3 Rg8+ 21.Kh1 b5 22.cxb5 axb5 23.Qxb5 Rxc3
24.Rxc3 Nxe4 25.Rxe4 Bxe4 26.Nd2 Bxf3+ 27.Nxf3 Nf6 28.Bg1 Qe4 29.Qf1 Qxf5
30.Nd2 Qe6 31.Qc4 d5 32.Qc6 Qf5 33.Rf3 Qg5  0-1

[Event "BL2-N9394"]
[Site "Germany"]
[Date "1994.??.??"]
[Round "?"]
[White "David, Adrian"]
[Black "Giemsa, Stephan"]
[Result "1/2-1/2"]
[WhiteElo "2305"]
[BlackElo "2275"]

1.Nf3 c5 2.c4 Nf6 3.Nc3 g6 4.e4 Bg7 5.d4 cxd4 6.Nxd4 O-O 7.Be2 Nc6 8.Be3 d6
9.O-O Re8 10.f3 Nd7 11.Nb3 b6 12.Rc1 Nc5 13.Nd4 Nxd4 14.Bxd4 Bh6 15.Rc2 a5
16.Re1 Bb7 17.Bf1 e6 18.Bf2 Bf4 19.g3 Be5 20.Bg2 Re7 21.f4 Bg7 22.Nb5 Rd7
23.Rd2 Bf8 24.b3 Rc8 25.Bf3 Ba8 26.Kg2 Qc7 27.Qb1 e5 28.fxe5 dxe5 29.Rxd7 Qxd7
30.Nc3 Kg7 31.Nd5 Qb7 32.Be3 f6 33.Qd1 b5  1/2-1/2

[Event "BL9394 (Women)"]
[Site "Germany"]
[Date "1994.??.??"]
[Round "?"]
[White "Baginskaite, Kamile"]
[Black "Sadkiewicz, Joanna"]
[Result "0-1"]
[WhiteElo "2330"]
[BlackElo "2225"]

1.Nf3 Nf6 2.c4 c5 3.Nc3 d5 4.cxd5 Nxd5 5.d4 cxd4 6.Qxd4 Nxc3 7.Qxc3 Nc6 8.e4 Bg4
9.Bb5 Rc8 10.O-O a6 11.Bxc6+ Rxc6 12.Qb3 Rb6 13.Qa4+ Qd7 14.Qxd7+ Bxd7 15.b3 e6
16.Ne5 Bb5 17.Be3 Rd6 18.Rfc1 f6 19.Rc8+ Ke7 20.Bc5 fxe5 21.Rb8 Kd7 22.Bxd6 Kxd6
23.Rd1+ Ke7 24.Rxb7+ Kf6 25.Rb8 g5 26.Rdd8 Kf7 27.h3 h5 28.Ra8 g4 29.hxg4 hxg4
30.a4 Bc6 31.Rxa6 Bxe4 32.b4 g3 33.Rd7+ Kf6 34.fxg3 Bxb4  0-1

[Event "NRW-Liga I 9394"]
[Site "Germany"]
[Date "1994.??.??"]
[Round "?"]
[White "Odendahl, Reiner"]
[Black "Molinaroli, Martin"]
[Result "1-0"]
[WhiteElo "2295"]
[BlackElo "2290"]

1.Nf3 Nf6 2.c4 g6 3.Nc3 c5 4.d4 cxd4 5.Nxd4 Bg7 6.e4 d6 7.Be2 Nc6 8.Be3 Nxd4
9.Qxd4 O-O 10.Qd2 Bd7 11.f3 Bc6 12.O-O Qd7 13.Rac1 Rfd8 14.Rfd1 b6 15.Bf1 Rac8
16.Qf2 Qb7 17.b3 Bd7 18.Kh1 h6 19.a4 Be8 20.Nd5 Nxd5 21.exd5 Bd7 22.Bd3 Re8
23.Be4 Qc7 24.Rc2 Rcd8 25.Rcd2 Bc8 26.Qh4 g5 27.Qh5 f5 28.Bd3 e5 29.h4 e4
30.fxe4 fxe4 31.Bc2 gxh4 32.Rf2 Re5 33.Qg6 Rde8 34.Rdf1 R8e7 35.Rf8+  1-0

[Event "BL2-S9394"]
[Site "Germany"]
[Date "1994.??.??"]
[Round "?"]
[White "Sokolov, Andrei"]
[Black "Schulze, Ulrich"]
[Result "1/2-1/2"]
[WhiteElo "2555"]
[BlackElo "2410"]

1.c4 Nf6 2.Nc3 c5 3.Nf3 g6 4.e4 Bg7 5.d4 cxd4 6.Nxd4 Nc6 7.Nc2 d6 8.Be2 Nd7
9.Bd2 Nc5 10.O-O f5 11.exf5 Bxf5 12.Be3 Bxc3 13.bxc3 Ne4 14.Qe1 Qa5 15.Nb4 O-O-O
16.Nxc6 bxc6 17.Bf3 Nc5 18.Bxc6 Kc7 19.Bf3 e5 20.Qd2 Rd7 21.Qd5 Rb8 22.Qc6+ Kd8
23.Rad1 Qb6 24.Bg5+ Ke8 25.Rxd6 e4 26.Be2 Qxc6 27.Rxc6 Na4 28.Rc1 Rdb7 29.Bd1 Nb2
30.Bb3 Nd3 31.Rd1 Rb6 32.Rc7 R8b7 33.Rxb7 Rxb7 34.Be3 Rc7 35.h3 Be6 36.Bd4 Bxc4
37.Rb1 Ba6 38.g3 Ke7 39.Bd5 Nc5 40.Rb8 Bd3 41.Ra8 Kd6 42.c4 Ne6 43.Be3 Bxc4
44.Bxc4 Rxc4 45.Rxa7 h5 46.h4 Ke5 47.Kg2 Nd4 48.Ra5+ Ke6 49.Ra6+ Nc6 50.Rb6 Kf7
51.Rb7+ Ke6 52.Rc7 Kd5 53.Rd7+ Ke6 54.Rg7 Ne5 55.Bf4 Rc2 56.a4 Ra2 57.a5 Kf6
58.Bxe5+ Kxe5 59.Rxg6 e3 60.Kf3 e2 61.Rg8 e1=N+ 62.Ke3  1/2-1/2

[Event "GER CupT"]
[Site "Germany"]
[Date "1994.??.??"]
[Round "1"]
[White "Christiansen, Larry Mark"]
[Black "Mowsziszian, Karen"]
[Result "1-0"]
[WhiteElo "2560"]
[BlackElo "2490"]

1.c4 Nf6 2.Nc3 c5 3.Nf3 g6 4.d4 cxd4 5.Nxd4 Bg7 6.e4 Nc6 7.Nc2 O-O 8.Be2 b6
9.O-O Bb7 10.b3 Ne8 11.Qd2 Nd6 12.Ba3 Bxc3 13.Qxc3 Nxe4 14.Qe3 f5 15.Rad1 Rf7
16.Rfe1 Qc7 17.Bb2 Re8 18.f3 Nf6 19.Qg5 Nh5 20.Bf1 Nd8 21.Qd2 e5 22.Nb4 e4
23.fxe4 fxe4 24.Qd4 Qc5 25.Nd5 Bxd5 26.Qxc5 bxc5 27.Rxd5 Nc6 28.Rxc5 e3 29.g3 Nb4
30.Re5 Ref8 31.Be2 Rf2 32.c5 Nd3 33.Bxd3 Rxb2 34.R5xe3 Rxa2 35.R3e2 Rxe2
36.Rxe2 Rc8 37.b4 Nf6 38.Kf2 Kf8 39.Kf3 Nd5 40.Re4 Nc7 41.Rh4 Kg7 42.Rd4 Rd8
43.Bc4 Kf6 44.Ke4 Ke7 45.Ke5 Rb8 46.Bf1 Ne6 47.Rh4 Ng5 48.Bg2 a5 49.bxa5 Rb5
50.Ra4 Ne6 51.Ra2 Nxc5 52.Bf1 Rb1 53.Bc4 d6+ 54.Kd4 Rb7 55.a6 Ra7 56.Kd5 Kd7
57.Rf2 Kd8 58.Rf6 Kc7 59.Rf7+ Kb6 60.Rxa7 Kxa7 61.Kxd6 Ne4+ 62.Ke5 Nd2 63.Be2 Nb3
64.h4 Nc5 65.g4 Nd7+ 66.Ke6 Nc5+ 67.Kf6 Ne4+ 68.Kg7 h5 69.g5 Ng3 70.Bd3 Nf5+
71.Kxg6 Nxh4+ 72.Kxh5 Ng2 73.g6 Nf4+ 74.Kh6  1-0

[Event "Giessen Feb-IM"]
[Site "Giessen"]
[Date "1994.??.??"]
[Round "6"]
[White "Adamski, Jan"]
[Black "Kersten, Uwe"]
[Result "1/2-1/2"]
[WhiteElo "2415"]
[BlackElo "2365"]

1.Nf3 Nf6 2.c4 c5 3.Nc3 b6 4.g3 Bb7 5.Bg2 g6 6.O-O Bg7 7.Re1 O-O 8.e4 d6
9.d4 cxd4 10.Nxd4 Ne8 11.Bg5 h6 12.Be3 Nd7 13.b3 a6 14.Qd2 Kh7 15.Rad1 Rb8
16.h3 Ba8 17.f4 Nc7 18.Nde2  1/2-1/2

[Event "Graz-ch"]
[Site "Graz"]
[Date "1994.??.??"]
[Round "5"]
[White "Egartner, Wolfgang"]
[Black "Stuhlik, Marko"]
[Result "0-1"]
[WhiteElo "2120"]
[BlackElo "2170"]

1.c4 c5 2.Nf3 Nf6 3.Nc3 e6 4.g3 a6 5.Bg2 b5 6.cxb5 d5 7.bxa6 Nc6 8.O-O Qb6
9.b3 Bxa6 10.Bb2 Be7 11.d3 O-O 12.Qd2 Nd7 13.Rfc1 Rab8 14.Qf4 h6 15.h4 Qa7
16.g4 Rb4 17.Qg3 Nf6 18.Bh3 Rd8 19.Ba3 Bd6 20.Qg2 Rf4 21.Na4 Nb4 22.Bxb4 Rxb4
23.Nb2 Bb7 24.e3 Nd7 25.g5 hxg5 26.hxg5 g6 27.Rd1 Ne5 28.d4 cxd4 29.Nxe5 dxe3
30.Nbd3 e2 31.Re1 Re4 32.Qf3 Bxe5 33.Nxe5 Rxe5 34.Qf6 Qb8 35.Rac1 d4 36.Rc4 Re4
37.Bg2 Rf4 38.Qe7 Rg4 39.f3 Bxf3 40.Kf2 Bxg2 41.Rc7 Rf8 42.Rxe2 Bd5 43.Ke1 Rg1+
44.Kd2 Rxg5  0-1

[Event "Hania op"]
[Site "Hania"]
[Date "1994.??.??"]
[Round "2"]
[White "Sklavounos, Panayotis"]
[Black "Kalesis, Nikolaos"]
[Result "0-1"]
[WhiteElo "2150"]
[BlackElo "2415"]

1.Nf3 c5 2.c4 Nf6 3.Nc3 b6 4.g3 Bb7 5.Bg2 e6 6.O-O Be7 7.Re1 d6 8.e4 a6 9.d4 cxd4
10.Nxd4 Qc7 11.Be3 O-O 12.Rc1 Nbd7 13.f4 Rfe8 14.f5 Bd8 15.fxe6 fxe6 16.Bh3 Nf8
17.Qa4 Qf7 18.Rf1 Qh5 19.Rf4 g5 20.Bxe6+ Nxe6 21.Rf5 Ng4 22.Qd7 Qxh2+ 23.Kf1 Nxe3+
24.Ke1 Qxg3+ 25.Kd2 Nxc4+ 26.Kc2 Nxd4+ 27.Kb1 Re7  0-1

[Event "Havana op"]
[Site "Havana"]
[Date "1994.??.??"]
[Round "1"]
[White "Alvarez Ibarra, D Rafael"]
[Black "Lopez Jimenez, Armando"]
[Result "1/2-1/2"]
[WhiteElo "2435"]
[BlackElo "2295"]

1.Nf3 c5 2.c4 Nf6 3.Nc3 e6 4.e3 d5 5.d4 a6 6.cxd5 exd5 7.Be2 Nc6 8.O-O Bd6
9.dxc5 Bxc5 10.b3 O-O 11.Bb2 Ba7 12.Rc1 Re8 13.Qd3 h6 14.Na4 Ne4 15.Bd4 Nxd4
16.Nxd4 Qd6 17.Nc3 Bd7 18.Bf3 Qe5 19.Rfd1 Rad8 20.Nce2 Bb8 21.g3 g5 22.Bg2 Qf6
23.Rf1 Ba7 24.Nc3 Nxc3 25.Qxc3 Rc8 26.Qd2 Rxc1 27.Rxc1 Bxd4 28.Qxd4 Qxd4
29.exd4 Bc6 30.Bf3 Kg7 31.Rc5 Rd8 32.Be2 Kf6 33.Bxa6 Ke6 34.Bd3 Kd6 35.Kf1 Re8
36.Rc2 Bd7 37.Re2 Rc8 38.Rc2 Re8 39.f3 Re3 40.Be2 f5 41.Kf2 Re8 42.Bd3 b6
43.Rc1 Ra8 44.Bb1 Re8 45.h4 gxh4 46.gxh4 Rg8 47.Rg1 Rxg1 48.Kxg1 f4 49.Bd3 b5
50.a3 Kc7 51.Bg6 Be6 52.Kf2 Kb6 53.Ke2 b4 54.a4 Bc8 55.Bd3 Be6 56.Kf2 Bf7
57.Bf5 h5 58.Ke2 Ka5  1/2-1/2

[Event "Havana op"]
[Site "Havana"]
[Date "1994.??.??"]
[Round "5"]
[White "Nogueiras, Jesus"]
[Black "Rivera, Alberto"]
[Result "1-0"]
[WhiteElo "2550"]
[BlackElo "2370"]

1.Nf3 Nf6 2.c4 c5 3.Nc3 b6 4.e4 d6 5.d4 cxd4 6.Nxd4 Bb7 7.f3 Nbd7 8.Be3 a6
9.Be2 e6 10.O-O Be7 11.a4 O-O 12.a5 Qc7 13.Kh1 Rfb8 14.axb6 Nxb6 15.b3 Bf8
16.Qd2 Re8 17.Rac1 Rac8 18.Qa2 Nbd7 19.Rfd1 Qb8 20.Bf2 g6 21.Qd2 Bg7 22.Bf1 h6
23.Nde2 Bf8 24.Rb1 Red8 25.Nd4 Bg7 26.b4 Ne5 27.Qa2 Qc7 28.c5 dxc5 29.bxc5 Nh5
30.Na4 Qe7 31.Nb6 Rc7 32.Nb3 Rxd1 33.Rxd1 Nc6 34.Qd2 Kh7 35.Qd6 Be5 36.Qxe7 Rxe7
37.Be3 g5 38.Nc4 Bg7 39.Nd6 Nf6 40.Bf2 Ne8 41.Rb1 Be5 42.Bg3 Bxg3 43.hxg3 Nf6
44.Nd2 Rd7 45.Rxb7  1-0

[Event "Honra"]
[Site "Honra"]
[Date "1994.??.??"]
[Round "6"]
[White "Fernandes, Alberto"]
[Black "Morais, Vitor"]
[Result "0-1"]
[WhiteElo "2220"]
[BlackElo "2130"]

1.c4 c5 2.Nf3 Nf6 3.Nc3 d5 4.cxd5 Nxd5 5.g3 Nc6 6.Bg2 Nc7 7.O-O e5 8.d3 Be7
9.Be3 O-O 10.Rc1 f6 11.Na4 b6 12.Ng5 fxg5 13.Bxc6 Rb8 14.Nc3 Kh8 15.a3 Ne6
16.Qa4 Nd4 17.Bg2 a5 18.Rfe1 Be6 19.Bxd4 exd4 20.Ne4 b5 21.Qc2 c4 22.a4 cxd3
23.Qxd3 bxa4 24.Nc5 Bxc5 25.Rxc5 Rxb2 26.Qa6 Bb3 27.Rxa5 d3 28.exd3 Rfxf2
29.Be4 Qd4 30.Qa7 Rg2+ 31.Kh1 Rxh2+  0-1

[Event "Horgen CS"]
[Site "Horgen"]
[Date "1994.??.??"]
[Round "1"]
[White "Lautier, Joel"]
[Black "Gavrikov, Viktor"]
[Result "1-0"]
[WhiteElo "2645"]
[BlackElo "2600"]

1.c4 Nf6 2.Nc3 c5 3.Nf3 e6 4.g3 b6 5.Bg2 Bb7 6.O-O Be7 7.d4 cxd4 8.Qxd4 d6
9.b3 O-O 10.Rd1 Na6 11.e4 Qc8 12.Qe3 Nc5 13.Nd4 a6 14.Bb2 Re8 15.Qe2 Bf8
16.Rac1 g6 17.Re1 Rb8 18.b4 Ncd7 19.f4 e5 20.Nb3 exf4 21.gxf4 Qd8 22.Rcd1 Nh5
23.Qg4 Rc8 24.Bf1 Ndf6 25.Qf3 Bh6 26.f5 Nd7 27.Nd5 Ne5 28.Bxe5 Rxe5 29.Nd4 Qg5+
30.Kh1 Rce8 31.Bd3 Kh8 32.Qf2 Bxd5 33.cxd5 Nf6 34.Nc6 Nxe4 35.Qd4 gxf5 36.Bxe4 fxe4
37.Nxe5 Rxe5 38.Rxe4 Bg7 39.Qxb6 h5 40.Rxe5 Qxe5 41.Qf2 Qe4+ 42.Qg2 Qxb4
43.Rf1 Qd4 44.Qf3 Qe5 45.Qxf7 h4 46.Qf5 Qe2 47.Rc1  1-0

[Event "Horgen SKA"]
[Site "Horgen"]
[Date "1994.??.??"]
[Round "7"]
[White "Petursson, Margeir"]
[Black "Brunner, Lucas"]
[Result "1/2-1/2"]
[WhiteElo "2540"]
[BlackElo "2525"]

1.c4 c5 2.Nf3 Nf6 3.Nc3 e6 4.g3 d5 5.cxd5 Nxd5 6.Bg2 Nc6 7.O-O Be7 8.d4 O-O
9.Nxd5 exd5 10.dxc5 Bxc5 11.Bg5 f6 12.Bd2 Qe7 13.Bc3 Rd8 14.e3 Bf5 15.Qa4 Be4
16.Rac1 Bb6 17.Rfe1 Re8 18.Nh4 Qf7 19.Rcd1 Rad8 20.Bxe4 Rxe4 21.Qc2 Rde8
22.Nf3 d4 23.exd4 Rxe1+ 24.Rxe1 Rxe1+ 25.Nxe1 Qd5 26.Qe2 Kf8 27.Nc2 Qxa2
28.Qd3 Qd5 29.Ne3 Qf3 30.d5 Bxe3 31.fxe3 Ne5 32.Bxe5 fxe5 33.d6 e4 34.Qd4 Ke8
35.Qe5+ Kd7 36.Qe7+ Kc6 37.Qc7+ Kd5 38.Qxb7+ Kxd6 39.Qa6+ Ke5 40.Qb5+ Kf6
41.Qc6+ Kg5 42.Qc5+  1/2-1/2

[Event "HUN-chT 9394"]
[Site "?"]
[Date "1994.??.??"]
[Round "?"]
[White "Mate, Laszlo"]
[Black "Hever, Miklos"]
[Result "0-1"]
[WhiteElo "2290"]
[BlackElo "2330"]

1.c4 Nf6 2.Nc3 c5 3.Nf3 b6 4.e3 Bb7 5.d4 cxd4 6.exd4 d5 7.cxd5 a6 8.Qa4+ b5
9.Qb3 Nxd5 10.Be2 e6 11.O-O Be7 12.Ne5 Nxc3 13.bxc3 O-O 14.Rd1 Nd7 15.Nxd7 Qxd7
16.a4 Bd5 17.Qc2 Qc6 18.f3 Rfc8 19.axb5 axb5 20.Rxa8 Rxa8 21.Bb2 Rc8 22.Bd3 b4
23.c4 Bxc4 24.Bxh7+ Kf8 25.Be4 Bd5 26.Qxc6 Rxc6 27.Rc1 Rxc1+ 28.Bxc1 Bf6
29.Bb2 Ke7 30.Bxd5 exd5 31.Kf2 Kd6 32.Ke3 Kc6 33.f4 Kb5 34.Kd3 Ka4 35.Kc2 b3+
36.Kc3 Be7 37.g4 Bd6 38.Bc1 g5 39.fxg5 Bxh2 40.Kd3 Bd6 41.Kc3 Bg3 42.Kd3 Kb4
43.Bb2 Bf4  0-1

[Event "HUN-chT 9394"]
[Site "?"]
[Date "1994.??.??"]
[Round "?"]
[White "Hardicsay, Peter"]
[Black "Halasz, Tamas"]
[Result "1/2-1/2"]
[WhiteElo "2360"]
[BlackElo "2390"]

1.c4 c5 2.Nf3 Nf6 3.Nc3 g6 4.e4 d6 5.d4 cxd4 6.Nxd4 Bg7 7.Be2 O-O 8.O-O Nc6
9.Be3 Bd7 10.Qd2 Ng4 11.Bxg4 Bxg4 12.f3 Bd7 13.Rac1 Rc8  1/2-1/2

[Event "HUN-chT 9394"]
[Site "?"]
[Date "1994.??.??"]
[Round "?"]
[White "Bauer, Peter2"]
[Black "Juhasz, Bela"]
[Result "1/2-1/2"]
[WhiteElo "2210"]
[BlackElo "2190"]

1.c4 c5 2.Nf3 Nf6 3.Nc3 g6 4.e4 Nc6 5.d4 cxd4 6.Nxd4 Nxd4 7.Qxd4 d6 8.Be2 Bg7
9.Be3 O-O 10.Qd2 Be6 11.O-O a6 12.f3 Rc8 13.Nd5 Bxd5 14.exd5 Re8 15.Rad1 a5
16.b3 Nd7 17.Rfe1 b5 18.Rc1 b4 19.Bd4 Bxd4+ 20.Qxd4 Nc5 21.Bd1 Qd7 22.Bc2 e5
23.dxe6 Rxe6 24.Kf1 Rce8 25.Qd2 Qe7 26.Rxe6 fxe6 27.Rd1 Rd8 28.Qd4 Kf7 29.Qf4+ Qf6
30.Qh6 Kg8 31.h4 Qe5 32.Re1 Qc3 33.Re2 Qg7 34.Qg5 Rf8 35.h5 Qf6 36.Qh6 Qg7
37.Qg5 Qa1+ 38.Kf2 Qf6 39.Qg3 Qd4+ 40.Kf1 Rf6 41.hxg6 hxg6 42.Bxg6 Kf8 43.Bh7 Qf4
44.Qxf4 Rxf4 45.Be4 Kf7 46.Kf2 Rh4 47.Kg1 Kf6 48.g3 Rh6 49.f4 Rh8 50.Kg2 a4
51.bxa4 Nxa4 52.Bc6 Nc3 53.Rb2 Rc8 54.Bb5 Ra8 55.Rxb4 Rxa2+ 56.Kh3 Ra3 57.Rb2 Ne4
58.Rg2 Rc3 59.Kg4 Kg6 60.Be8+ Kf6  1/2-1/2

[Event "HUN-chT2 9394"]
[Site "?"]
[Date "1994.??.??"]
[Round "?"]
[White "Sandor, Jozsef"]
[Black "Magyar, Otto"]
[Result "0-1"]
[WhiteElo "2290"]
[BlackElo "2325"]

1.Nf3 c5 2.c4 Nf6 3.Nc3 g6 4.g3 b6 5.Bg2 Bb7 6.b3 Bg7 7.Bb2 O-O 8.d3 d5 9.Nxd5 Nxd5
10.Bxg7 Kxg7 11.cxd5 Qxd5 12.Nh4 Qd7 13.Bxb7 Qxb7 14.Nf3 Nc6 15.O-O Rad8
16.Qc2 e5 17.Qb2 f6 18.Rac1 Rfe8 19.a3 a5 20.Rc4 Re6 21.Rfc1 Qe7 22.Ne1 e4
23.dxe4 Rxe4 24.e3 Re6 25.Nf3 Red6 26.Qc2 Qd7 27.Kg2 Rd1 28.Qe4 Rxc1 29.Rxc1 Qd5
30.Qxd5 Rxd5 31.Rc3 Rd1 32.h4 Kf7 33.Ng1 Ne7 34.e4 Ra1 35.a4 Re1 36.f3 Rd1
37.Ne2 Rd2 38.Kf2 h6 39.Ke3 Rd1 40.Nf4 g5 41.hxg5 hxg5 42.Nd3 Rb1 43.f4 Nc6
44.e5 Nd4 45.exf6 gxf4+ 46.gxf4 Kxf6 47.Nxc5 bxc5 48.Rxc5 Nxb3 49.Rb5 Rh1
50.Ke4 Rh3 51.Rb6+ Ke7 52.Ke5 Re3+ 53.Kd5 Rc3 54.Rb5 Kf6 55.Ke4 Ke6 56.f5+ Kf6
57.Rb6+ Ke7 58.Ke5 Rc5+ 59.Ke4 Nd2+ 60.Kd3 Rd5+ 61.Kc3 Ne4+ 62.Kb3 Rxf5 63.Rb5 Rxb5+
64.axb5 Nc5+ 65.Kc4 Kd6 66.b6 Kc6 67.b7 Nxb7  0-1

[Event "HUN-chT2 9394"]
[Site "?"]
[Date "1994.??.??"]
[Round "?"]
[White "Kustar, Sandor"]
[Black "Vargyas, Zoltan"]
[Result "1-0"]
[WhiteElo "2360"]
[BlackElo "2275"]

1.Nf3 Nf6 2.c4 c5 3.Nc3 d5 4.cxd5 Nxd5 5.g3 Nc6 6.Bg2 Nc7 7.a3 g6 8.b4 Bg7
9.Rb1 Bf5 10.Rb2 cxb4 11.axb4 O-O 12.b5 Na5 13.Qa4 Ne6 14.Ra2 b6 15.Nh4 Nc5
16.Qb4 Be6 17.Rxa5 Nb3 18.Ra3 Nxc1 19.Qb2 Nxe2 20.Kxe2 Bc4+ 21.Kd1 Rc8 22.Bc6 Qd3
23.Qc2 Qd4 24.Ra4 Qg4+ 25.f3 Qe6 26.Re1 Bb3 27.Rxe6 Bxc2+ 28.Kxc2 fxe6 29.Rxa7 Kf7
30.Ne4 Rcd8 31.Ng5+  1-0

[Event "JUG-chT"]
[Site "Igalo"]
[Date "1994.??.??"]
[Round "?"]
[White "Nikcevic, Nebojsa"]
[Black "Horvath, Jozsef M"]
[Result "0-1"]
[WhiteElo "2470"]
[BlackElo "2520"]

1.Nf3 Nf6 2.c4 c5 3.Nc3 d5 4.cxd5 Nxd5 5.e3 Nxc3 6.bxc3 g6 7.Bb5+ Nd7 8.Ba3 Qc7
9.d4 cxd4 10.Qxd4 e5 11.Nxe5 Bxa3 12.Bxd7+ Bxd7 13.Nxd7 O-O-O 14.O-O Qxd7
15.Qxa7 Bd6 16.Rab1 Bb8 17.Qd4 Qc7 18.Qh4 Rd3 19.c4 f5 20.g3 Re8 21.c5 Rc3
22.Rb5 Rxc5 23.Rxc5 Qxc5 24.Qxh7 Qc6 25.Rd1 Ba7 26.Rd3 Kb8 27.Qf7 Rc8 28.Rb3 Qe4
29.Kf1 Qh1+ 30.Ke2 Rc2+  0-1

[Event "JUG-chT"]
[Site "Igalo"]
[Date "1994.??.??"]
[Round "?"]
[White "Damljanovic, Branko"]
[Black "Rajkovic, Dusan"]
[Result "1-0"]
[WhiteElo "2560"]
[BlackElo "2475"]

1.Nf3 Nf6 2.c4 b6 3.Nc3 c5 4.e4 d6 5.d4 cxd4 6.Nxd4 Bb7 7.Qe2 e6 8.g4 Nc6
9.Nxc6 Bxc6 10.Bg2 Be7 11.O-O Nd7 12.f4 O-O 13.g5 Re8 14.h4 a6 15.Be3 Qb8
16.a4 Qc7 17.Rfc1 Bb7 18.Rab1 Rac8 19.b3 Qb8 20.Qg4 Bf8 21.h5 Qc7 22.Nd1 Nc5
23.Nf2 a5 24.Rd1 Rcd8 25.Bf3 Bc6 26.Qg2 Qb7 27.Bxc5 bxc5 28.Ng4 e5 29.f5 Kh8
30.Kf2 Rb8 31.f6 Red8 32.fxg7+ Bxg7 33.Ne3 Bf8 34.Nf5 Bd7 35.Rd3 Re8 36.Nxd6 Bxd6
37.Rxd6 Bxa4 38.g6 Qe7 39.Rd3 Bd7 40.Rg1 Be6 41.gxf7 Qxf7 42.Qg5  1-0